Diseases of the tropics : (Record no. 735)

MARC details
000 -LEADER
fixed length control field 01442nam a2200325 a 4500
001 - CONTROL NUMBER
control field 1913117
003 - CONTROL NUMBER IDENTIFIER
control field OSt
005 - DATE AND TIME OF LATEST TRANSACTION
control field 20230606154049.0
008 - FIXED-LENGTH DATA ELEMENTS--GENERAL INFORMATION
fixed length control field 840927s1983 ke a b 101 0 eng
010 ## - LIBRARY OF CONGRESS CONTROL NUMBER
LC control number 84980529
040 ## - CATALOGING SOURCE
Original cataloging agency DLC
Transcribing agency DLC
Modifying agency DLC
050 00 - LIBRARY OF CONGRESS CALL NUMBER
Classification number RC960
Item number .M38 1981
082 00 - DEWEY DECIMAL CLASSIFICATION NUMBER
Classification number 616.9883096
Edition number 20
Item number TUK
111 2# - MAIN ENTRY--MEETING NAME
Meeting name or jurisdiction name as entry element Medical Conference
Number of part/section/meeting (2nd :
Date of meeting 1981 :
Location of meeting Nairobi, Kenya)
245 10 - TITLE STATEMENT
Title Diseases of the tropics :
Remainder of title trends in research with special emphasis on leishmaniasis : proceedings of the 2nd Annual Medical Conference, Nairobi, Kenya, 1981 /
Statement of responsibility, etc. Kenya Medical Research Institute (KEMRI), Kenya Trypanosomiasis Research Institute (KETRI), with the generous support of the National Council of Science and Technology ; editors, P.M. Tukei, A.R. Njogu.
260 ## - PUBLICATION, DISTRIBUTION, ETC. (IMPRINT)
Place of publication, distribution, etc. Nairobi, Kenya :
Name of publisher, distributor, etc. Africa Book Services (EA),
Date of publication, distribution, etc. 1983.
300 ## - PHYSICAL DESCRIPTION
Extent viii, 244 p. :
Other physical details ill. ;
Dimensions 26 cm.
504 ## - BIBLIOGRAPHY, ETC. NOTE
Bibliography, etc Includes bibliographies and index.
590 ## - LOCAL NOTE (RLIN)
Local note LC copy has p. [i]-iv bound in twice.
650 #0 - SUBJECT ADDED ENTRY--TOPICAL TERM
Topical term or geographic name as entry element Tropical medicine
General subdivision Congresses.
650 #0 - SUBJECT ADDED ENTRY--TOPICAL TERM
Topical term or geographic name as entry element Leishmaniasis
General subdivision Congresses.
700 1# - ADDED ENTRY--PERSONAL NAME
Personal name Tukei, P. M.
Fuller form of name (Peter M.)
700 1# - ADDED ENTRY--PERSONAL NAME
Personal name Njogu, A. R.
710 2# - ADDED ENTRY--CORPORATE NAME
Corporate name or jurisdiction name as entry element Kenya Medical Research Institute.
710 2# - ADDED ENTRY--CORPORATE NAME
Corporate name or jurisdiction name as entry element Kenya Trypanosomiasis Research Institute.
710 2# - ADDED ENTRY--CORPORATE NAME
Corporate name or jurisdiction name as entry element National Council for Science and Technology (Kenya)
906 ## - LOCAL DATA ELEMENT F, LDF (RLIN)
a 7
b cbc
c orignew
d 3
e ncip
f 19
g y-gencatlg
942 ## - ADDED ENTRY ELEMENTS (KOHA)
Source of classification or shelving scheme Dewey Decimal Classification
Koha item type Books
Holdings
Withdrawn status Lost status Source of classification or shelving scheme Damaged status Not for loan Home library Current library Date acquired Total Checkouts Full call number Barcode Date last seen Price effective from Koha item type
    Dewey Decimal Classification     Bunge Tower Library Bunge Tower Library 06/06/2023   616.9883096 TUK 10014535 06/06/2023 06/06/2023 Books
    Dewey Decimal Classification     Bunge Tower Library Bunge Tower Library 06/06/2023   616.9883096 TUK 10014534 06/06/2023 06/06/2023 Books
LIBRARY OPENING HOURS

When the Parliament is sitting: 8.00a.m - 7.00p.m or until the house adjourns
Mondays and Fridays and when the House is on Recess:  8.00a.m - 5.00p.m
Closed on Weekends and Public Holidays

Online Public Access Catalog (OPAC)
Website: http://www.parliament.go.ke
Bunge Library: https://libraryir.parliament.go.ke
Contact: library@parliament.go.ke | Tel no: (254-2)2221291 or 2848000 Ext 5043